000
00316nam a2200133Ia 4500
005
20251222155125.0
008
251222s9999||||xx |||||||||||||| ||spa||
082
_a
ESC.109
100
_a
Comité Nac.para el desarr.
245
0
_a
Informe anual sobre drogas
250
_a
1ra. ed.
264
_b
Devida
942
_c
LIB
999
_c
38584
_d
38584